| 000 | 00644nam a2200229Ia 4500 | ||
|---|---|---|---|
| 003 | OSt | ||
| 005 | 20260121152144.0 | ||
| 008 | 210716s1990 xx 000 0 und d | ||
| 020 | _a8170291216 | ||
| 040 | _cAIMIT LIBRARY | ||
| 041 | _aeng | ||
| 082 |
_a006.62 _21 _bROSW |
||
| 100 |
_aRosch, Winn L. _9252104 |
||
| 245 |
_aWinn rosch hardware bible / _cBy Winn L Rosch. |
||
| 250 | _a1st ed. | ||
| 260 |
_aNew Delhi : _bBPB Publications , _c1990. |
||
| 300 |
_axi,628p. ; _bPB _c22.8 cm |
||
| 650 |
_aCoprocessors _9252105 |
||
| 650 |
_aThe power supply _9252106 |
||
| 650 |
_aVideo adapters _9252107 |
||
| 942 |
_2ddc _cBK _e1st _k006.62 ROSW |
||
| 999 |
_c181807 _d181807 |
||